Complete the Card - WWE Backlash 2000 - Statistics

General Stats
  • This quiz has been taken 13 times
  • The average score is 24 of 28
Answer Stats
Answer % Correct
Bubba Ray Dudley
100%
Chris Benoit
100%
Christian
100%
D-Von Dudley
100%
Eddie Guerrero
100%
Edge
100%
Jeff Hardy
100%
Kurt Angle
100%
Matt Hardy
100%
The Rock
100%
Triple H
100%
Albert
88%
Chris Jericho
88%
Faarooq
88%
Road Dogg
88%
Test
88%
X-Pac
88%
Bradshaw
75%
Bull Buchanan
75%
Crash Holly
75%
Dean Malenko
75%
Hardcore Holly
75%
Perry Saturn
75%
Scotty 2 Hotty
75%
The Big Show
75%
Essa Rios
63%
Tazz
63%
The Big Boss Man
63%
No matching quizzes found
Score Distribution
Percent of People with Each Score
Percentile by Number Answered
Your Score History
You have not taken this quiz